| 000 | 00938nam a2200265 a 4500 | ||
|---|---|---|---|
| 001 | BRCA_8338 | ||
| 005 | 20190320210234.0 | ||
| 008 | 100714s1915----gw-a###f##---#001-0#ger-# | ||
| 041 | _ager | ||
| 044 | _agw | ||
| 050 | 4 |
_aNA1066 _b.W3 1915 |
|
| 100 | 1 |
_aWackernagel, Martin _920868 |
|
| 245 | 1 | 0 |
_aDie baukunst de 17. und 18. jarhunderts _bin der Germanischen Ländern _cvon Martin Wackernagel ; begründet von Fritz Burger ; herausgegeben von A. E. Brinckmann. |
| 260 |
_aAlemania _bAkademische Verlagsgesellschaft Athenaion _c1915 |
||
| 300 |
_a208 p. _bil., 9 láminas _c29 cm. |
||
| 440 | 0 |
_aHandbuch der Kunstwissenschaft _920869 |
|
| 500 | _aIncluye índice de ilustraciones | ||
| 500 | _aR54 | ||
| 650 | 1 | 4 |
_aArquitectura Alemana _ySiglos XVII-XVIII _920870 |
| 650 | 1 | 4 |
_aArquitectura Alemana _xHistoria _920871 |
| 700 | 1 |
_aBurger, Fritz _920872 |
|
| 700 | 1 |
_aBrinckmann, A. E. _eed. _920873 |
|
| 902 | _aGFM | ||
| 942 |
_2lcc _cB |
||
| 999 |
_c8006 _d8006 |
||